01020na a2200265 450000100060000000300080000600500170001400800410003103500100007204000250008204100080010708200280011509000270014311101050017024501340027526000550040930000240046450400200048861000390050865000380054765100320058594200130061795201090063099900150073917303MIRAKIL20181213155117.0161024b tu 000 0  a17303 aMilasbturcTR-AnCHP atur a338.16bÜ19ü [t.y.] a338.16 Ü19ü [t.y.] aÜçüncü Bin Yılın Eşiğinde Tarımda Verimlilik ve Modernleşmenin Neresindeyizd[t.y.] aÜçüncü bin yılın eşiğinde tarımda verimlilik ve modernleşmenin neresindeyiz?cTürkiye Ziraatçılar Derneği a[y.y.]bTürkiye Ziraatçılar Derneğic[t.y.] a91 s.btbl.c24 sm. aKaynakça var. aTürkiye Ziraatçılar Derneği aTarımxVerimlilikyModernleşme aTürkiyexÜretimyTarım 2ddccBKS a0001b0001d2016-10-24e2l0o338.16 Ü19ü [t.y.]p005875r2016-10-24 00:00:00v0.00w2016-10-24yBKS c6730d6730